000 00339nam a22001457a 4500
005 20250906132711.0
008 250906b |||||||| |||| 00| 0 eng d
020 _a9780446611091
_qpbk
041 _aeng
082 _a332.024
_bKIY
100 _aKiyosaki, Robert T.
245 _aRich Dad Poor Dad
300 _a266p.
942 _cENGLISH
999 _c585595
_d585595